Statistics for Haritada Yaygın Coğrafya

Click here to take the quiz!

General Stats

  • This quiz has been taken 1 042 times
  • The average score is 109 of 200

Answers on the Map

Answers color-coded by a green-red scale on the quiz's map according to % correct below.
 

Answer Stats

TürCevap% Correct
ÜlkeBirleşik Devletler
90%
ÜlkeÇin
86%
Şehirİstanbul
85%
ÜlkeRusya
84%
ÜlkeTürkiye
84%
KıtaAvustralya ve Okyanusya
83%
ÜlkePortekiz
83%
KıtaAvrupa
81%
ÜlkeKanada
81%
ÜlkeYunanistan
81%
BaşkentBrasilia
80%
ÜlkeBrezilya
80%
Para BirimiEuro
80%
ÜlkeFransa
80%
ÜlkeAlmanya
79%
Ülkeİspanya
79%
Başkent | ÜlkeMeksika
79%
BaşkentSeul
79%
ÜlkeAvustralya
78%
Para BirimiDolar
78%
Ülkeİtalya
78%
DilAlmanca
77%
DilFransızca
77%
BaşkentRoma
77%
KıtaAsya
76%
ÜlkeGüney Kore
76%
ÜlkeHindistan
76%
Dilİspanyolca
76%
ÜlkeJaponya
76%
KıtaAfrika
75%
ÜlkeArjantin
75%
Dilİngilizce
75%
Ülkeİsveç
75%
Ülkeİzlanda
75%
DilRusça
75%
BaşkentBerlin
74%
ÜlkeDanimarka
74%
KıtaGüney Amerika
74%
KıtaKuzey Amerika
74%
ÜlkeMısır
74%
ÜlkeNorveç
74%
ÜlkeUkrayna
74%
BaşkentMoskova
73%
BaşkentParis
73%
ÜlkeFinlandiya
72%
ÜlkeIrak
72%
Ülkeİran
72%
Ülkeİrlanda
72%
ÜlkeŞili
72%
KıtaAntarktika
71%
Başkent | ÜlkeCezayir
71%
ÜlkeFas
71%
BaşkentLondra
71%
BaşkentMadrid
71%
ÜlkePolonya
71%
DilPortekizce
71%
ÜlkeSuriye
71%
ÜlkeSuudi Arabistan
71%
ÜlkeAvusturya
70%
ÜlkeMoğolistan
70%
BaşkentTokyo
70%
ÜlkeEndonezya
69%
ÜlkeKazakistan
69%
ÜlkeKuzey Kore
69%
BaşkentAtina
68%
ÜlkeGüney Afrika
68%
ÜlkePakistan
68%
ÜlkeHollanda
67%
ŞehirNew York
67%
ÜlkeAfganistan
66%
OrganizasyonAvrupa Birliği
66%
ÜlkeBelçika
66%
Ülkeİsviçre
66%
ÜlkeMadagaskar
66%
Alt BölümNew York
66%
ÜlkeEstonya
65%
ŞehirKiev
65%
ÜlkePeru
65%
ÜlkeUruguay
65%
BaşkentWashington, D.C.
65%
ÜlkeYemen
65%
ÜlkeBirleşik Arap Emirlikleri
64%
ÜlkeLetonya
64%
ÜlkeLitvanya
64%
ÜlkeÖzbekistan
64%
ÜlkeBirleşik Krallık
63%
ÜlkeKolombiya
63%
Eski ÜlkeSovyetler Birliği
63%
ÜlkeTürkmenistan
63%
ÜlkeUmman
63%
Alt BölümVaşington
63%
ÜlkeYeni Zelanda
63%
NehirNil
62%
ÜlkeÇek Cumhuriyeti
61%
ÜlkeNepal
61%
ÜlkeParaguay
61%
ÇölSahra
61%
ÜlkeTayland
61%
Alt BölümAlaska
60%
BaşkentLizbon
60%
BaşkentPekin
60%
ÜlkeVenezuela
60%
BaşkentOslo
59%
ÜlkeBolivya
58%
ÜlkeDemokratik Kongo Cumhuriyeti
58%
ÜlkeKongo Cumhuriyeti
58%
ÜlkeSudan
58%
ÜlkeVietnam
58%
ÜlkeKüba
57%
ÜlkeMalezya
57%
Alt Bölümİngiltere
56%
ÜlkeNijer
56%
ÜlkePapua Yeni Gine
56%
BaşkentYeni Delhi
56%
ÜlkePanama
55%
Ülkeİsrail
54%
ÜlkeNijerya
54%
Alt BölümTeksas
54%
BaşkentAmsterdam
52%
ÜlkeLüksemburg
51%
DağEverest
50%
BaşkentVarşova
50%
ÜlkeVatikan
50%
ŞehirBarcelona
49%
Alt Bölümİskoçya
49%
ŞehirSidney
49%
OrganizasyonBirleşmiş Milletler
48%
BaşkentDublin
48%
Alt BölümFlorida
48%
BaşkentKahire
48%
Alt BölümKaliforniya
48%
Para BirimiPound
48%
BaşkentHelsinki
47%
BaşkentStockholm
47%
BaşkentViyana
47%
Alt BölümGaller
46%
ÜlkeHaiti
43%
ÜlkeHonduras
43%
ŞehirRio de Janeiro
43%
Alt BölümKuzey İrlanda
41%
ŞehirVenedik
41%
ÜlkeZimbabve
41%
DilLatin
40%
ŞehirLos Angeles
40%
ŞehirManchester
40%
ŞehirMünih
40%
ÜlkeZambiya
40%
BaşkentKopenhag
39%
Simge NoktaEyfel Kulesi
38%
ÜlkeJamaika
38%
NehirAmazon
37%
DilMandarin
37%
ŞehirMiami
36%
ŞehirMilano
36%
ŞehirŞanghay
36%
ŞehirHamburg
35%
ŞehirNapoli
35%
ŞehirSankt-Peterburg
34%
BaşkentBuenos Aires
32%
ÜlkeFiji
31%
Simge NoktaPiramitler
31%
Eski ÜlkeAvusturya-Macaristan
30%
BaşkentKanberra
30%
ŞehirLiverpool
30%
ŞehirFrankfurt
29%
BaşkentBangkok
28%
BaşkentOttava
28%
Simge NoktaTac Mahal
28%
ŞehirLas Vegas
27%
Simge NoktaÖzgürlük Anıtı
27%
Simge NoktaÇin Seddi
26%
Alt BölümHawaii
26%
ŞehirSan Francisco
26%
BaşkentCakarta
25%
BaşkentWellington
25%
BaşkentLima
24%
Para BirimiPeso
24%
BaşkentReykjavik
24%
Alt BölümNew Mexico
23%
Alt BölümAlabama
20%
ŞehirBoston
20%
ŞehirEdinburgh
20%
ŞehirHouston
20%
Alt BölümTazmanya
20%
ŞehirŞikago
19%
ŞehirDallas
17%
Alt BölümPensilvanya
17%
Alt BölümQuebec
17%
ŞehirSeattle
17%
ŞehirSan Diego
15%
ŞehirAtlanta
14%
Simge NoktaNiagara Şelaleleri
14%
Alt BölümOntario
13%
ŞehirDetroit
12%
Alt BölümKuzey Toprakları
12%
ŞehirSakramento
12%
Simge NoktaStonehenge
11%
ŞehirPhiladelphia
10%

Score Distribution

Percentile by Number Answered

Percent of People with Each Score

Your Score History

You have not taken this quiz